Statistics for 2020 Celebrity Deaths: COVID, Cancer, or Natural Causes?

Click here to take the quiz!

General Stats

  • This quiz has been taken 176 times
  • The average score is 5 of 12

Answer Stats

QuestionAnswer% Correct
Chadwick Bosemancancer
87%
Sean Connerynatural causes
66%
Alex Trebekcancer
49%
Eddie Van Halencancer
47%
Diego Maradonanatural causes
45%
Herman CainCOVID-19
44%
Roy HornCOVID-19
42%
Ruth Bader Ginsburgcancer
40%
Carl Reinernatural causes
37%
Chuck Yeagernatural causes
37%
Regis Philbinnatural causes
30%
Little Richardcancer
25%

Score Distribution

Percentile by Number Answered

Percent of People with Each Score

Your Score History

You have not taken this quiz